[Event "Schleswig Holstein-ch Seniors 60th"]
[Site "Germany"]
[Date "2005.10.16"]
[Round "9"]
[White "Goldbach, Karl"]
[Black "Holzberg, Gerhard"]
[Result "1/2-1/2"]
[WhiteElo "1732"]
[BlackElo "1846"]
[PlyCount "21"]
[EventDate "2005.10.10"]
[EventType "swiss"]
[EventRounds "9"]
[EventCountry "GER"]
[SourceTitle "EXT 2010"]
[Source "ChessBase"]
[SourceDate "2010.11.25"]
[SourceVersion "1"]
[SourceVersionDate "2010.11.25"]
[SourceQuality "1"]

1. c4 e5 2. Nc3 Nf6 3. Nf3 Nc6 4. g3 g6 5. d3 Bg7 6. Bg2 0-0 7. 0-0 d6 8. a3 Rb8 9. Rb1 h6 10. h3 Kh7 11. Kh2 1/2-1/2